000 00831nam0a22002531 4500
001 rc\2691063
005 20250623162615.0
035 _a(NLR Aleph) 006819322
090 _a6426395
_c6426395
100 _a20110915d1933 |||y0rusy50 ca
101 0 _arus
102 _aRU
105 _ay z |||a|
200 1 _aСветлановская повесть
_e[О заводе "Светлана"]
_fАл. Орлов
210 _aЛенинград
_cИзд-во писателей в Ленинграде
_d1933
_gТип. им. Евг. Соколовой
215 _a118, [2] с.
_d18х14 см.
300 _aСуп.-обл. и переплет: С. Юдовин
700 1 _aОрлов
_bАл.
801 0 _aRU
_bNLR
_gpsbo
801 1 _aRU
_bELAR
_2rusmarc
852 _aNLR
_j33-2/259
942 _cBOOK
980 _aNB